| 000 | 00469nam a22001577a 4500 | ||
|---|---|---|---|
| 008 | 230602b |||||||| |||| 00| 0 eng d | ||
| 040 |
_aNational Science Library _cNational Science Library |
||
| 080 |
_aR 31:631.8 _bN1 |
||
| 245 | _aFertiliser statistics 1990-91 | ||
| 260 |
_aNew Delhi: _bFertiliser Association of India, _c1991 |
||
| 365 |
_b100.00 _cINR |
||
| 650 | _aStatistics | ||
| 653 | _aFertiliser | ||
| 700 | _aSundaram, K P (Ed.) | ||
| 942 |
_2udc _cREF |
||
| 999 |
_c38651 _d38651 |
||